Quiz di cultura generale #122 - Statistics

Statistiche generali
  • Questo quiz è stato fatto 361 volte
  • Il punteggio medio è 14 su 20
Statistiche sulle risposte
DOMANDA RISPOSTA % Corretto
Si usa per scrivere alla lavagna Gesso
95%
Il monte in cui risiedevano gli dei greci Olimpo
94%
Decisivo... come un dente Incisivo
87%
Film Disney sulle emozioni umane Inside Out
85%
In italiano sono chiamati Acchiappafantasmi, in inglese? Ghostbuster
84%
La nazione prima nel medagliere delle Olimpiadi Invernali del 2026 Norvegia
84%
Il nome del tennista svizzero Federer Roger
80%
In quale città fu prodotta per la prima volta la Sacher? Vienna
80%
Lo strumento prodotto da Stradivari Violino
80%
La città tedesca in cui gioca un famoso Borussia Dortmund
78%
Scrisse La coscienza di Zeno Italo/Svevo
74%
In tedesco, i campi utilizzati per sterminare gli ebrei e non solo Lager
70%
La montagna in cui sono scolpiti i volti di quattro presidenti americani Rushmore
69%
L'osso che congiunge femore a perone e ulna Rotula
68%
La nazione con più persone che parlano arabo Egitto
64%
Cognome che accomuna un campione di Moto Gp e lo scrittore di "Cent'anni di solitudine" Marquez
59%
Lo stato a cui appartiene l'isola di Zanzibar Tanzania
58%
The.........game, film sulla vita di Alan Turing del 2014 Imitation
47%
Una delle sue canzoni più famose è "That's Life" Frank/Sinatra
43%
Il golfo incastonato tra Svezia e Finlandia Botnia
11%
Nessun quiz corrispondente trovato
Distribuzione punteggi
Percentuale di utenti per punteggio
Percentile per numero di risposta
I tuoi punteggi nel tempo
Non hai fatto questo quiz